Villes de France par description Wikipedia - #3 - Statistiques

Statistiques générales
  • Ce quiz a été pris 35 fois
  • Le résultat moyen est 9 sur 15
Statistiques - réponses
Description Ville % Correct
Ville de tradition industrielle, siège de Michelin, l'un des deux plus grands fabricants mondiaux de pneumatiques, [...] est également bien positionnée dans les industries pharmaceutique, agro-alimentaire et aéronautique. Clermont-Ferrand
88%
L'Automobile Club de l'Ouest organise chaque année, le deuxième week-end de juin, la plus importante course automobile au monde, les 24 Heures du [...], dont l'édition 2023 a rassemblé plus de 325 000 spectateurs. Le Mans
88%
La ville se situe au cœur de l'ancienne principauté souveraine du Béarn, dont elle est la capitale depuis 1464. La cité occupe une position d'interface entre plaine et montagne, un carrefour où se rejoignent la vallée du gave de [...], la plaine du Pont-Long et les chemins transpyrénéens. Pau
88%
De son passé de capitale ducale, [...] bénéficie aujourd'hui d'une renommée pour son nombre important de monuments historiques, ses nombreuses portes fortifiées faisant jadis partie des remparts entourant la ville médiévale, et pour ses trois places classées au patrimoine mondial de l'UNESCO, notamment sa place Stanislas, du nom du dernier duc de Lorraine, Stanislas Leszczynski. Nancy
81%
En 1768, la découverte d'un gisement de kaolin dans la région de Saint-Yrieix-la-Perche permet le développement de l'industrie de la porcelaine de [...] qui fera sa renommée mondiale. Limoges
78%
La ville est surnommée la « Cité des ducs » car acquise par la maison de Savoie en 1232, elle devient la capitale politique des comtes de Savoie en 1295 lors de l'achat du château et de l'établissement officiel du Conseil résident, puis du duché de Savoie de 1416 jusqu'à son transfert à Turin en 1562. Chambéry
75%
Située à quelques dizaines de kilomètres de la mer Méditerranée et des montagnes des Cévennes, la ville se trouve sur l'axe très fréquenté reliant la basse vallée du Rhône à la plaine languedocienne et sur l'arc méditerranéen entre Marseille et Barcelone. Nîmes
72%
Elle est aussi la capitale historique du Berry, province de l'Ancien Régime correspondant approximativement aux départements actuels de l’Indre et du Cher. Bourges
63%
Troisième commune de Corse en nombre d'habitants, [...] est une station balnéaire sur la côte Sud-Est de la Corse. Porto-Vecchio
59%
Longtemps connue comme étant la ville française « de l'arme, du cycle et du ruban » ainsi qu'un important centre d'extraction houillère, [...] est engagée dans un vaste programme de rénovation urbaine visant à conduire la transition du stade de cité industrielle héritée du XIXe siècle à celui de « capitale du design » du XXIe siècle. Saint-Étienne
53%
[...] est particulièrement connue pour son imagerie populaire, créée en 1796 par Jean-Charles Pellerin, qui a largement contribué à sa renommée en France et à l’étranger. Cette tradition est aujourd’hui mise en valeur par le musée de l'Image. Épinal
50%
[...] est située dans une région montagneuse faiblement peuplée. Elle occupe une vallée, le sillon de [...], modelée par le glacier de la Durance durant la dernière glaciation. Gap
47%
Fondée par les Romains en 118 av. J.-C., elle était leur deuxième plus ancienne colonie en Gaule (après Aix-en-Provence, 122 av. J.-C.) et son centre urbain garde trace de nombreux siècles d’histoire (cathédrale Saint-Just-et-Saint-Pasteur, palais des Archevêques, restes de la voie Domitienne…). Narbonne
38%
[...] est la troisième préfecture la moins peuplée de France (la première étant celle de Privas dans l'Ardèche et la deuxième est celle de Basse-Terre en Guadeloupe). Foix
25%
La cité, reconstruite après l’incendie de 1524, dispose de 42 édifices protégés au titre des monuments historiques, dont dix églises et une cathédrale d'architecture gothique, ainsi que d'une des plus grandes concentrations de maisons à pans de bois du XVIe siècle. La ville comme son département dispose également d'une grande diversité de vitraux. Troyes
16%
Aucun quiz correspondant
Distribution des résultats
% des personnes avec chaque résultat
Percentile par nombre de réponses
Votre historique - résultats
Vous n’avez pas pris ce quiz